[Event "SR 4. liga A21 2018/2019"]
[Site "?"]
[Date "2019.03.17"]
[Round "11.5"]
[White "Bazovsky, Max"]
[Black "Miciak, Emanuel"]
[Result "0-1"]
[WhiteElo "1316"]
[BlackElo "1846"]
[PlyCount "78"]
[EventDate "2018.??.??"]
[WhiteTeam "CVÄŒ Senica B"]
[BlackTeam "ZÅ K VrbovÃ© A"]

1. d4 Nf6 2. Bf4 d5 3. e3 Bf5 4. h3 e6 5. Nf3 Bd6 6. Bg3 Bxg3 7. fxg3 Qd6 8.
Qd2 Ne4 9. Qc1 Qxg3+ 10. Ke2 Qf2+ 11. Kd1 Ng3 12. Rg1 Nxf1 13. Rxf1 Qxf1+ 14.
Ne1 Nd7 15. Qd2 O-O 16. Nc3 c5 17. b3 cxd4 18. exd4 Rac8 19. Kc1 Rc6 20. Kb2
Qa6 21. a3 Rfc8 22. Na2 Qb6 23. Rc1 a5 24. c3 Nf6 25. Qe3 Ne4 26. g4 Bg6 27.
Nf3 f6 28. Ng1 e5 29. Ne2 Nd6 30. Ka1 Nb5 31. Kb2 exd4 32. cxd4 Rxc1 33. Naxc1
Qd6 34. b4 axb4 35. a4 Na3 36. Kb3 Bc2+ 37. Ka2 Bxa4 38. Nd3 Rc2+ 39. Nb2 Rxb2+
0-1

[Event "SR 4. liga A21 2018/2019"]
[Site "?"]
[Date "2019.03.17"]
[Round "11.5"]
[White "Podjavorinsky, Peter"]
[Black "Valent, Tomas"]
[Result "1-0"]
[WhiteElo "1652"]
[BlackElo "1397"]
[PlyCount "61"]
[EventDate "2018.??.??"]
[WhiteTeam "ZÅ K VrbovÃ© A"]
[BlackTeam "CVÄŒ Senica B"]

1. e4 e5 2. Nf3 Nc6 3. d4 exd4 4. Bc4 Bc5 5. c3 dxc3 6. Bxf7+ Kxf7 7. Qd5+ Ke8
8. Qh5+ g6 9. Qxc5 Nge7 10. Nxc3 d6 11. Qe3 Qd7 12. a3 Rf8 13. h3 b6 14. Qd3
Bb7 15. Bh6 Rf7 16. Ng5 Ne5 17. Qc2 Rf6 18. Bg7 Rf4 19. g3 Nf3+ 20. Nxf3 Rxf3
21. O-O-O Rf7 22. Bh6 Nf5 23. Bg5 h6 24. exf5 Bxh1 25. fxg6 Rg7 26. Rxh1 hxg5
27. Qe4+ Qe7 28. Qxa8+ Kd7 29. Qe4 Qf6 30. Re1 Qxf2 31. Qe8# 1-0

[Event "SR 4. liga A21 2018/2019"]
[Site "?"]
[Date "2019.03.17"]
[Round "11.6"]
[White "Vodicka, Michal"]
[Black "Zlamal, Marek"]
[Result "1-0"]
[WhiteElo "1936"]
[BlackElo "1862"]
[PlyCount "33"]
[EventDate "2018.??.??"]
[WhiteTeam "Å K KÃºpele PieÅ¡Å¥any C"]
[BlackTeam "Å achovÃ½ klub HolÃ­Ä� B"]

1. e4 e5 2. Nf3 Nc6 3. d4 exd4 4. c3 dxc3 5. Bc4 h6 6. Nxc3 Bb4 7. O-O Bxc3 8.
bxc3 Nge7 9. Nd4 O-O 10. Qh5 d5 11. Nxc6 bxc6 12. Rd1 Be6 13. Rd3 Qc8 14. Rg3
dxc4 15. Rxg7+ Kxg7 16. Bxh6+ Kg8 17. Qg5+ 1-0

[Event "SR 4. liga A21 2018/2019"]
[Site "?"]
[Date "2019.03.17"]
[Round "11.6"]
[White "Stehlik, Jan"]
[Black "Bzdusek, Jan"]
[Result "1/2-1/2"]
[WhiteElo "1616"]
[BlackElo "1800"]
[PlyCount "44"]
[EventDate "2018.??.??"]
[WhiteTeam "Å achovÃ½ klub HolÃ­Ä� B"]
[BlackTeam "Å K KÃºpele PieÅ¡Å¥any C"]

1. e4 e5 2. Nf3 Nc6 3. Bc4 Be7 4. c3 Nf6 5. d3 d6 6. Bg5 O-O 7. Nbd2 Bg4 8. h3
Bh5 9. g4 Bg6 10. Nh4 Kh8 11. Qe2 Nd7 12. Nxg6+ fxg6 13. Be3 Na5 14. Bb5 c6 15.
Ba4 b5 16. Bc2 c5 17. O-O Bg5 18. Nf3 Bf4 19. Bxf4 Rxf4 20. Ne1 Qf6 21. Bd1 Qe7
22. Ng2 Rf7 1/2-1/2

[Event "SR 4. liga A21 2018/2019"]
[Site "?"]
[Date "2019.03.17"]
[Round "11.6"]
[White "Orvisky, Vladimir"]
[Black "Svrcek, Daniel"]
[Result "1/2-1/2"]
[WhiteElo "1754"]
[BlackElo "1381"]
[PlyCount "72"]
[EventDate "2018.??.??"]
[WhiteTeam "Å K KÃºpele PieÅ¡Å¥any C"]
[BlackTeam "Å achovÃ½ klub HolÃ­Ä� B"]

1. c4 e6 2. Nc3 d5 3. d4 Nf6 4. Nf3 Nc6 5. e3 Be7 6. Be2 O-O 7. O-O Bb4 8. a3
Bxc3 9. bxc3 a6 10. Bb2 dxc4 11. Bxc4 b5 12. Bd3 Bb7 13. Qc2 Ne7 14. Ne5 Qd5
15. f3 Ng6 16. c4 bxc4 17. Nxc4 Qd8 18. Rac1 Nd5 19. Qd2 Qe7 20. Na5 Ra7 21.
Rc5 Rc8 22. Nxb7 Rxb7 23. Bxa6 Rcb8 24. Bxb7 Rxb7 25. e4 Nb6 26. Qc2 Qd7 27.
Rc1 Na4 28. Ba1 Nxc5 29. Qxc5 Nf4 30. Qa5 Qc8 31. Qd2 Ng6 32. f4 Qa8 33. d5
exd5 34. Qd4 Qa7 35. Qxa7 Rxa7 36. exd5 Nxf4 1/2-1/2

[Event "SR 4. liga A21 2018/2019"]
[Site "?"]
[Date "2019.03.17"]
[Round "11.6"]
[White "Datko, Jan"]
[Black "Strapko, Tomas"]
[Result "0-1"]
[WhiteElo "1256"]
[BlackElo "1882"]
[PlyCount "56"]
[EventDate "2018.??.??"]
[WhiteTeam "Å achovÃ½ klub HolÃ­Ä� B"]
[BlackTeam "Å K KÃºpele PieÅ¡Å¥any C"]

1. e4 c5 2. d4 cxd4 3. c3 dxc3 4. Nxc3 Nc6 5. Nf3 d6 6. Bc4 Nf6 7. O-O e6 8. e5
d5 9. Bb3 Nd7 10. Qe2 a6 11. Ba4 Be7 12. a3 O-O 13. Re1 d4 14. Nd5 exd5 15.
Bxc6 bxc6 16. e6 d3 17. Qe3 Nf6 18. exf7+ Rxf7 19. Ne5 Ne4 20. f3 Bc5 21. Nxf7
Kxf7 22. fxe4 Bxe3+ 23. Bxe3 dxe4 24. Rf1+ Kg8 25. Bc5 Be6 26. Rf8+ Qxf8 27.
Bxf8 Rxf8 28. Rd1 Bc4 0-1

[Event "SR 4. liga A21 2018/2019"]
[Site "?"]
[Date "2019.03.17"]
[Round "11.6"]
[White "Siska, Kristof"]
[Black "Sefcik, Oliver"]
[Result "1-0"]
[WhiteElo "1785"]
[BlackElo "1167"]
[PlyCount "51"]
[EventDate "2018.??.??"]
[WhiteTeam "Å K KÃºpele PieÅ¡Å¥any C"]
[BlackTeam "Å achovÃ½ klub HolÃ­Ä� B"]

1. e4 e6 2. d4 d5 3. Nd2 c5 4. exd5 exd5 5. dxc5 Bxc5 6. Ngf3 Nf6 7. Be2 O-O 8.
O-O Nc6 9. a3 Bf5 10. b4 Be7 11. Bb2 Rc8 12. Rc1 Re8 13. Nb3 a6 14. Nfd4 Nxd4
15. Nxd4 Bg6 16. Bd3 Bxd3 17. Qxd3 b5 18. Rfe1 Qd7 19. Nf5 Bd8 20. Ne3 Qc6 21.
Red1 Qe6 22. h3 Rc7 23. Bxf6 Bxf6 24. Nxd5 Rd7 25. Nxf6+ Qxf6 26. Qxd7 1-0

[Event "SR 5. liga SE-SI 2018/2019"]
[Site "?"]
[Date "2018.10.20"]
[Round "1.1"]
[White "Diviak, Rastislav"]
[Black "Kaufman, Robert"]
[Result "1-0"]
[WhiteElo "1977"]
[BlackElo "1358"]
[PlyCount "47"]
[EventDate "2018.??.??"]
[WhiteTeam "CVÈ Senica C"]
[BlackTeam "CVÈ Senica D"]

1. e4 e5 2. Nf3 Nc6 3. Bb5 a6 4. Ba4 Bc5 5. c3 Nf6 6. O-O O-O 7. d4 exd4 8.
cxd4 Ba7 9. e5 Nd5 10. Bg5 Nce7 11. Bb3 c6 12. Nbd2 Nc7 13. Ne4 Nb5 14. a4 d5
15. Nf6+ gxf6 16. Bxf6 Bg4 17. axb5 Qd7 18. Qd2 Qf5 19. Bc2 Qh5 20. Bxe7 Bxf3
21. gxf3 Rfe8 22. Bf6 Bb6 23. Qf4 Bd8 24. Qg3+ 1-0

[Event "SR 5. liga SE-SI 2018/2019"]
[Site "?"]
[Date "2018.10.20"]
[Round "1.1"]
[White "Bazovsky, Max"]
[Black "Hrdlicka, Martin"]
[Result "1-0"]
[WhiteElo "1298"]
[BlackElo "1545"]
[PlyCount "63"]
[EventDate "2018.??.??"]
[WhiteTeam "CVÈ Senica D"]
[BlackTeam "CVÈ Senica C"]

1. d4 d5 2. e3 Nf6 3. Bd3 e6 4. Nd2 Bd6 5. f4 c5 6. c3 Nc6 7. Ngf3 cxd4 8. cxd4
Nb4 9. Bb1 b6 10. a3 Nc6 11. O-O O-O 12. Ne5 Qc7 13. Rf3 Ne8 14. Qc2 g6 15.
Nxc6 Ba6 16. Nb4 Qb7 17. Nxa6 Qxa6 18. Qd3 Qb7 19. Rh3 Rc8 20. Qf1 Nf6 21. Bd3
Qe7 22. Nf3 Ne4 23. Bxe4 dxe4 24. Ng5 f5 25. Bd2 Rc2 26. Bc3 Rf7 27. Nxf7 Qxf7
28. Qd1 Rxg2+ 29. Kxg2 Qe7 30. d5 g5 31. Qd4 gxf4 32. Qh8+ 1-0

[Event "SR 5. liga SE-SI 2018/2019"]
[Site "?"]
[Date "2018.10.20"]
[Round "1.1"]
[White "Nater, Nikolas"]
[Black "Mudroch, Martin"]
[Result "1/2-1/2"]
[WhiteElo "1279"]
[BlackElo "1339"]
[PlyCount "101"]
[EventDate "2018.??.??"]
[WhiteTeam "CVÈ Senica C"]
[BlackTeam "CVÈ Senica D"]

1. e4 c6 2. Nc3 d5 3. exd5 cxd5 4. Bb5+ Nc6 5. d3 e6 6. Nf3 Bd6 7. O-O Qc7 8.
Re1 Bd7 9. Nxd5 Qb8 10. g3 a6 11. Nb6 axb5 12. Nxa8 Qxa8 13. Bf4 Bxf4 14. gxf4
Nge7 15. Qe2 Qa4 16. Ne5 Qxf4 17. Qe4 Qxe4 18. Rxe4 Nxe5 19. Rxe5 Bc6 20. c4
bxc4 21. dxc4 Kd7 22. b4 Kc7 23. a4 Ng6 24. Rc5 b6 25. Rg5 f6 26. Rg3 Ra8 27.
a5 bxa5 28. Rxa5 Rxa5 29. bxa5 Kb7 30. Rb3+ Kc7 31. Rb6 Ne5 32. Rb4 Bb7 33. f4
Nc6 34. Rb6 e5 35. fxe5 Nxe5 36. Re6 Nc6 37. Re8 Nxa5 38. Rg8 Nxc4 39. Rxg7+
Kc6 40. Rf7 Nd6 41. Rxf6 Kc7 42. Rh6 Be4 43. Kf2 Kd7 44. h4 Ke7 45. h5 Nf7 46.
Rb6 Kf8 47. h6 Bg6 48. Rb8+ Ke7 49. Rg8 Nxh6 50. Rg7+ Kf6 51. Rxh7 1/2-1/2

[Event "SR 5. liga SE-SI 2018/2019"]
[Site "?"]
[Date "2018.10.20"]
[Round "1.1"]
[White "Kaufman, Roman"]
[Black "Valent, Tomas"]
[Result "0-1"]
[WhiteElo "1000"]
[BlackElo "1226"]
[PlyCount "40"]
[EventDate "2018.??.??"]
[WhiteTeam "CVÈ Senica D"]
[BlackTeam "CVÈ Senica C"]

1. e4 e5 2. Nf3 Nc6 3. Bc4 Bc5 4. d3 Nf6 5. Nc3 O-O 6. Nd5 Nxd5 7. Bxd5 d6 8.
O-O Be6 9. Ng5 Qe7 10. Re1 h6 11. Nf3 f5 12. Bxe6+ Qxe6 13. exf5 Qxf5 14. Be3
Nd4 15. Nxd4 exd4 16. Bd2 Qxf2+ 17. Kh1 d5 18. Qg4 Qxd2 19. Re5 Rf7 20. Qd7
Rxd7 0-1

[Event "SR 5. liga SE-SI 2018/2019"]
[Site "?"]
[Date "2018.10.20"]
[Round "1.1"]
[White "Barancik, Filip"]
[Black "Kaufmanova, Karin"]
[Result "1-0"]
[WhiteElo "1000"]
[BlackElo "1000"]
[PlyCount "107"]
[EventDate "2018.??.??"]
[WhiteTeam "CVÈ Senica C"]
[BlackTeam "CVÈ Senica D"]

1. d4 d5 2. c4 c6 3. e3 Nf6 4. Nf3 Bg4 5. Nc3 e6 6. a3 Bd6 7. Be2 O-O 8. c5 Be7
9. Ne5 Bxe2 10. Qxe2 Ne4 11. Nxe4 dxe4 12. Qg4 Qa5+ 13. Bd2 Qb5 14. Bc3 b6 15.
cxb6 axb6 16. a4 Rxa4 17. Rxa4 Qxa4 18. O-O Bf6 19. Qxe4 Bxe5 20. Qxe5 Nd7 21.
Qg5 Nf6 22. d5 Qg4 23. Bxf6 Qxg5 24. Bxg5 exd5 25. Ra1 f6 26. Bf4 Rd8 27. Bc7
Rc8 28. Bxb6 c5 29. Ra5 c4 30. Rxd5 c3 31. bxc3 Rb8 32. Rd8+ Rxd8 33. Bxd8 Kf7
34. Kf1 Ke8 35. Ba5 g5 36. Ke2 h5 37. h3 h4 38. Kd3 Kd7 39. Kd4 Kd6 40. Ke4 Ke6
41. c4 Kd6 42. Kf5 Ke7 43. c5 Kf7 44. c6 Ke7 45. c7 Kd7 46. Kxf6 Kc8 47. e4 Kb7
48. e5 Kc8 49. e6 Kb7 50. e7 Kc6 51. e8=Q+ Kc5 52. c8=R+ Kd5 53. Kf5 Kd4 54.
Qe4# 1-0

[Event "SR 5. liga SE-SI 2018/2019"]
[Site "?"]
[Date "2018.10.20"]
[Round "1.2"]
[White "Jakubec, Milan"]
[Black "Harasta, Marian"]
[Result "1-0"]
[WhiteElo "2021"]
[BlackElo "1657"]
[PlyCount "59"]
[EventDate "2018.??.??"]
[WhiteTeam "Å O Spartak Myjava"]
[BlackTeam "Å K Skalica D"]

1. e4 c5 2. Nf3 Nc6 3. d4 cxd4 4. Nxd4 e5 5. Nxc6 dxc6 6. Qxd8+ Kxd8 7. Bc4 f6
8. Be3 Bb4+ 9. c3 Ba5 10. a4 Ne7 11. b4 Bb6 12. Bd2 a5 13. Bb3 Bg4 14. f3 Bd7
15. Na3 c5 16. Nc4 Kc7 17. Nxb6 Kxb6 18. Be3 Nc6 19. Bxc5+ Kc7 20. b5 Nd8 21.
O-O-O Ne6 22. Bd6+ Kc8 23. Rd2 b6 24. Rhd1 Ra7 25. Ba3 Rc7 26. Kb2 h5 27. Rxd7
Rxd7 28. Bxe6 Rhd8 29. Rxd7 Rxd7 30. Bf8 1-0

[Event "SR 5. liga SE-SI 2018/2019"]
[Site "?"]
[Date "2018.10.20"]
[Round "1.2"]
[White "Romanova, Ela"]
[Black "Otepka, Vladimir"]
[Result "1/2-1/2"]
[WhiteElo "1341"]
[BlackElo "1739"]
[PlyCount "51"]
[EventDate "2018.??.??"]
[WhiteTeam "Å K Skalica D"]
[BlackTeam "Å O Spartak Myjava"]

1. e4 c5 2. c3 d5 3. exd5 Qxd5 4. d4 Nf6 5. Nf3 Nc6 6. Be3 cxd4 7. Nxd4 e5 8.
Nxc6 Qxd1+ 9. Kxd1 bxc6 10. Nd2 Ng4 11. Nc4 f6 12. h3 Nxe3+ 13. Nxe3 Bc5 14. g3
O-O 15. Bg2 Bb7 16. Ke2 Ba6+ 17. Ke1 Rac8 18. Rd1 f5 19. b4 Bxe3 20. fxe3 f4
21. g4 f3 22. Bf1 f2+ 23. Kd2 Rcd8+ 24. Kc1 Rxd1+ 25. Kxd1 Bxf1 26. Rxf1
1/2-1/2

[Event "SR 5. liga SE-SI 2018/2019"]
[Site "?"]
[Date "2018.10.20"]
[Round "1.2"]
[White "Knapek, Adrian"]
[Black "Tutkova, Ludmila"]
[Result "1-0"]
[WhiteElo "1437"]
[BlackElo "1201"]
[PlyCount "55"]
[EventDate "2018.??.??"]
[WhiteTeam "Å O Spartak Myjava"]
[BlackTeam "Å K Skalica D"]

1. e4 e5 2. Nf3 Nc6 3. Bc4 Nf6 4. Ng5 d5 5. exd5 Nxd5 6. Nxf7 Kxf7 7. Qf3+ Ke6
8. Nc3 Nce7 9. O-O g6 10. d4 Bg7 11. Qg4+ Kd6 12. dxe5+ Bxe5 13. Qd1 Be6 14.
Bg5 c6 15. Re1 Rf8 16. f4 Bxf4 17. Bxf4+ Rxf4 18. Qe2 Rf6 19. Qe5+ Kd7 20. Ne4
Nf5 21. Nc5+ Ke8 22. Nxe6 Qb6+ 23. Kh1 Nfe7 24. Bxd5 Rf2 25. Nc7+ Kd8 26. Qxe7+
Kc8 27. Be6+ Kb8 28. Qd8# 1-0

[Event "SR 5. liga SE-SI 2018/2019"]
[Site "?"]
[Date "2018.10.20"]
[Round "1.2"]
[White "Tutka, Stepan"]
[Black "Durec, Martin"]
[Result "0-1"]
[WhiteElo "1081"]
[BlackElo "1168"]
[PlyCount "84"]
[EventDate "2018.??.??"]
[WhiteTeam "Å K Skalica D"]
[BlackTeam "Å O Spartak Myjava"]

1. e4 e5 2. Nf3 Nc6 3. Bb5 a6 4. Ba4 Nf6 5. Nc3 Bb4 6. Bxc6 dxc6 7. d4 exd4 8.
Nxd4 c5 9. Nde2 Qxd1+ 10. Kxd1 O-O 11. Bg5 Rd8+ 12. Kc1 Rd6 13. e5 Re6 14. exf6
gxf6 15. Be3 c4 16. g4 b5 17. f4 Rxe3 18. Nd5 Rxe2 19. Nxb4 Bxg4 20. Rg1 f5 21.
h3 Rae8 22. b3 Re1+ 23. Kd2 Rxa1 24. Rxa1 Bxh3 25. Nxa6 c6 26. b4 h5 27. Rh1
Bg4 28. Rg1 h4 29. Nc5 h3 30. Rh1 Re2+ 31. Kc1 h2 32. Nd7 Bf3 33. Rf1 h1=Q 34.
Rd1 Rxc2+ 35. Kxc2 Qxd1+ 36. Kb2 Qxd7 37. Ka3 Qd3+ 38. Kb2 c3+ 39. Ka3 c2+ 40.
Kb2 Be4 41. Kc1 Qd1+ 42. Kb2 c1=Q# 0-1

[Event "SR 5. liga SE-SI 2018/2019"]
[Site "?"]
[Date "2018.10.20"]
[Round "1.2"]
[White "Hargas, Marek"]
[Black "Paksi, Alexander"]
[Result "1-0"]
[WhiteElo "1000"]
[BlackElo "1000"]
[PlyCount "73"]
[EventDate "2018.??.??"]
[WhiteTeam "Å O Spartak Myjava"]
[BlackTeam "Å K Skalica D"]

1. d4 d5 2. e3 Nf6 3. c4 Bg4 4. Nf3 e6 5. h3 Bh5 6. Be2 Nc6 7. c5 Be7 8. Nc3
O-O 9. Bb5 a6 10. Bxc6 bxc6 11. Bd2 Rb8 12. b3 Qd7 13. Qe2 a5 14. e4 dxe4 15.
Nxe4 Bg6 16. Ng3 Ra8 17. O-O Qd5 18. Rfe1 Nh5 19. Qe3 Nxg3 20. fxg3 Bf6 21.
Rad1 a4 22. bxa4 Rxa4 23. Bc3 Rxa2 24. Ra1 Rxa1 25. Rxa1 h6 26. Ra7 Rc8 27. Ba5
Bd8 28. Ne5 Be4 29. Nf3 Bf5 30. Qf4 Rb8 31. Nd2 Rb2 32. Bxc7 Bxc7 33. Rxc7 Qa2
34. g4 Rxd2 35. Qf3 Bd3 36. Qxf7+ Kh7 37. Qxg7# 1-0

[Event "SR 5. liga SE-SI 2018/2019"]
[Site "?"]
[Date "2018.10.20"]
[Round "1.3"]
[White "Novomeska, Karin"]
[Black "Visvader, Kristof"]
[Result "1/2-1/2"]
[WhiteElo "1142"]
[BlackElo "1330"]
[PlyCount "129"]
[EventDate "2018.??.??"]
[WhiteTeam "Å K Å tefanov B"]
[BlackTeam "Interchess ZÅ  BorskÃ½ MikulÃ¡Å¡"]

1. d4 d5 2. c4 c6 3. a4 Nf6 4. Nc3 e6 5. Bg5 Nbd7 6. e3 Bb4 7. Nf3 Qa5 8. Qb3
Ne4 9. Rc1 Nxg5 10. Nxg5 h6 11. Nf3 Nf6 12. Ne5 Bxc3+ 13. bxc3 O-O 14. Qb4 Qc7
15. Bd3 dxc4 16. Nxc4 Nd5 17. Qd6 Rd8 18. Qxc7 Nxc7 19. O-O f6 20. Bg6 Bd7 21.
Rb1 b6 22. Nd6 Be8 23. Nxe8 Nxe8 24. Bxe8 Rxe8 25. c4 Rab8 26. Rb2 Rb7 27. Rfb1
Reb8 28. a5 b5 29. cxb5 cxb5 30. Rc1 Kf7 31. a6 Rd7 32. Rc5 b4 33. Rc4 b3 34.
g3 Ke8 35. Rc3 Rd6 36. Rcxb3 Rxb3 37. Rxb3 Rxa6 38. Kg2 Rb6 39. Rc3 Kd7 40. Ra3
a6 41. Kf3 Kc7 42. Ke4 g6 43. g4 Kb7 44. f4 Rb5 45. Kd3 a5 46. e4 Kc6 47. Rc3+
Kd6 48. Rc8 a4 49. Ra8 Rb3+ 50. Kc4 Rf3 51. e5+ fxe5 52. fxe5+ Ke7 53. Rxa4 Rf4
54. h3 Rf3 55. Ra7+ Kf8 56. d5 exd5+ 57. Kxd5 Rf1 58. Ra4 Rd1+ 59. Rd4 Rxd4+
60. Kxd4 Ke7 61. Kd5 h5 62. g5 Kd7 63. e6+ Ke7 64. Ke5 Ke8 65. Kf6 1/2-1/2

[Event "SR 5. liga SE-SI 2018/2019"]
[Site "?"]
[Date "2018.10.20"]
[Round "1.3"]
[White "Nemeckay, Dominik"]
[Black "Tomasovic, Pavol"]
[Result "1-0"]
[WhiteElo "1475"]
[BlackElo "1295"]
[PlyCount "59"]
[EventDate "2018.??.??"]
[WhiteTeam "Interchess ZÅ  BorskÃ½ MikulÃ¡Å¡"]
[BlackTeam "Å K Å tefanov B"]

1. e4 d6 2. d4 Nf6 3. Bd3 g6 4. Nf3 Bg7 5. Bg5 O-O 6. Qd2 Nbd7 7. Nc3 c5 8. d5
Ng4 9. h3 Nge5 10. Be2 Nxf3+ 11. Bxf3 Ne5 12. Be2 f5 13. h4 fxe4 14. Nxe4 Bf5
15. Ng3 Qd7 16. f3 Nf7 17. c3 Nxg5 18. Qxg5 e6 19. Bc4 exd5 20. Nxf5 Rxf5 21.
Bxd5+ Kh8 22. Qd2 Re8+ 23. Kd1 b6 24. Qd3 Rfe5 25. Be4 d5 26. c4 d4 27. Kc2 a6
28. a4 a5 29. b3 Qe6 30. Qe2 {Äxas} 1-0

[Event "SR 5. liga SE-SI 2018/2019"]
[Site "?"]
[Date "2018.10.20"]
[Round "1.3"]
[White "Klimesova, Gabriela"]
[Black "Visvader, Rudolf"]
[Result "1-0"]
[WhiteElo "1321"]
[BlackElo "1324"]
[PlyCount "153"]
[EventDate "2018.??.??"]
[WhiteTeam "Å K Å tefanov B"]
[BlackTeam "Interchess ZÅ  BorskÃ½ MikulÃ¡Å¡"]

1. e4 c5 2. Nf3 Nc6 3. c3 g6 4. d4 cxd4 5. Nxd4 Bg7 6. Nxc6 bxc6 7. Bc4 d6 8.
Be3 Bb7 9. Bd4 e5 10. Be3 Nf6 11. Nd2 O-O 12. O-O c5 13. Bg5 Qd7 14. Bxf6 Bxf6
15. Qf3 Kg7 16. b3 Bg5 17. Rad1 Rad8 18. Bd5 Bxd2 19. Rxd2 f5 20. Rfd1 Rf6 21.
c4 Bc8 22. exf5 Qxf5 23. Be4 Qxf3 24. Bxf3 h5 25. h3 a5 26. Rd5 Rdf8 27. Rxd6
Rxd6 28. Rxd6 Bxh3 29. Rd5 Bf5 30. Rxe5 Bb1 31. Rxc5 Bxa2 32. Rxa5 Bxb3 33. c5
Rf5 34. Ra7+ Kf6 35. c6 Rc5 36. c7 Be6 37. Be2 Bc8 38. Ba6 Bxa6 39. Rxa6+ Ke7
40. Ra7 Kd7 41. Ra6 g5 42. Rh6 g4 43. Rh7+ Kc8 44. Kh2 Kb7 45. Kg3 Rc3+ 46. Kh4
Rc1 47. Rxh5 Kxc7 48. Kxg4 Kd6 49. Rf5 Ke6 50. f4 Rc7 51. g3 Rg7+ 52. Rg5 Rf7
53. f5+ Ke5 54. Kh5 Kf6 55. Kh6 Rh7+ 56. Kxh7 Kxg5 57. f6 Kxf6 58. Kh6 Kf7 59.
g4 Kg8 60. Kg6 Kh8 61. Kf7 Kh7 62. g5 Kh8 63. Kg6 Kg8 64. Kh6 Kh8 65. g6 Kg8
66. g7 Kf7 67. Kh7 Ke7 68. g8=Q Kd6 69. Qe8 Kc7 70. Kg7 Kb7 71. Qd8 Kc6 72. Kf7
Kb7 73. Ke7 Ka6 74. Qb8 Ka5 75. Kd6 Ka4 76. Kc5 Ka5 77. Qb5# 1-0

[Event "SR 5. liga SE-SI 2018/2019"]
[Site "?"]
[Date "2018.10.20"]
[Round "1.3"]
[White "Drinka, Robert"]
[Black "Novomesky, Roman"]
[Result "1-0"]
[WhiteElo "1381"]
[BlackElo "1000"]
[PlyCount "99"]
[EventDate "2018.??.??"]
[WhiteTeam "Interchess ZÅ  BorskÃ½ MikulÃ¡Å¡"]
[BlackTeam "Å K Å tefanov B"]

1. e4 e6 2. d4 d5 3. e5 c5 4. Bb5+ Nc6 5. Nf3 Qa5+ 6. Nc3 a6 7. Bxc6+ bxc6 8.
Bd2 cxd4 9. Nxd4 c5 10. Nf3 Qc7 11. O-O Ne7 12. Bf4 Ng6 13. Bg3 Be7 14. Re1 O-O
15. Qd3 Bb7 16. Rab1 Rad8 17. a3 d4 18. Ne4 c4 19. Qd2 d3 20. cxd3 Rxd3 21. Qc2
Rfd8 22. Rbc1 h6 23. Qxc4 Qxc4 24. Rxc4 Rd1 25. Nc3 R1d3 26. Re3 Bxf3 27. Rxd3
Rxd3 28. gxf3 Rxf3 29. Kf1 Bh4 30. Bxh4 Nxh4 31. Rxh4 g5 32. Rd4 h5 33. a4 Kg7
34. Rd6 a5 35. Ra6 f6 36. Rxe6 fxe5 37. Rxe5 Kf6 38. Rxa5 Rd3 39. Ke2 Rh3 40.
Ne4+ Kg6 41. Rxg5+ Kh6 42. Rg2 Rb3 43. Rg8 Rxb2+ 44. Ke3 Ra2 45. Ra8 Ra3+ 46.
Kf4 Rh3 47. Ra6+ Kg7 48. Kg5 Rxh2 49. Ra7+ Kf8 50. Kf6 1-0

[Event "SR 5. liga SE-SI 2018/2019"]
[Site "?"]
[Date "2018.10.20"]
[Round "1.3"]
[White "Bena, Pavol"]
[Black "Buraj, Patrik"]
[Result "0-1"]
[WhiteElo "1000"]
[BlackElo "1121"]
[PlyCount "52"]
[EventDate "2018.??.??"]
[WhiteTeam "Å K Å tefanov B"]
[BlackTeam "Interchess ZÅ  BorskÃ½ MikulÃ¡Å¡"]

1. e4 e5 2. Nf3 Nc6 3. Bc4 Nf6 4. Nc3 Bb4 5. a3 Bxc3 6. dxc3 Nxe4 7. O-O Nf6 8.
Bg5 d6 9. Bb5 Bg4 10. h3 Bxf3 11. Qxf3 Qd7 12. Rfe1 a6 13. Bc4 Qe7 14. Rad1
O-O-O 15. b4 h6 16. Bh4 g5 17. g4 gxh4 18. a4 e4 19. Qf5+ Kb8 20. b5 Na5 21.
Be2 e3 22. fxe3 Qxe3+ 23. Kf1 Qxh3+ 24. Kf2 Qg3+ 25. Kf1 h3 26. Rb1 Qg2# 0-1

[Event "SR 5. liga SE-SI 2018/2019"]
[Site "?"]
[Date "2018.10.20"]
[Round "1.4"]
[White "Papanek, Lubomir"]
[Black "Cambal, Peter"]
[Result "1-0"]
[WhiteElo "1581"]
[BlackElo "1440"]
[PlyCount "38"]
[EventDate "2018.??.??"]
[WhiteTeam "Å K Nafta Gbely D"]
[BlackTeam "Å achovÃ½ klub HolÃ­Ä� C"]

1. e4 c5 2. Nf3 d6 3. d4 cxd4 4. Nxd4 Nf6 5. Nc3 a6 6. Be3 e5 7. Nb3 Be7 8. Be2
O-O 9. O-O Be6 10. f3 Nbd7 11. Nd5 Bxd5 12. exd5 Qc7 13. c4 Rfc8 14. Nd2 b5 15.
b3 a5 16. Rc1 a4 17. Ne4 axb3 18. axb3 Ra3 19. cxb5 Qxc1 1-0

[Event "SR 5. liga SE-SI 2018/2019"]
[Site "?"]
[Date "2018.10.20"]
[Round "1.4"]
[White "Sladek, Michal"]
[Black "Ralbovsky, Milan"]
[Result "1/2-1/2"]
[WhiteElo "1375"]
[BlackElo "1387"]
[PlyCount "23"]
[EventDate "2018.??.??"]
[WhiteTeam "Å achovÃ½ klub HolÃ­Ä� C"]
[BlackTeam "Å K Nafta Gbely D"]

1. e4 e5 2. Nf3 d6 3. Nc3 a6 4. Bc4 h6 5. h3 Nf6 6. d3 Be7 7. Be3 O-O 8. Qd2
Kh7 9. O-O-O b5 10. Bb3 c5 11. g4 Nfd7 12. Nd5 1/2-1/2

[Event "SR 5. liga SE-SI 2018/2019"]
[Site "?"]
[Date "2018.10.20"]
[Round "1.4"]
[White "Hyza, Richard"]
[Black "Svrcek, Daniel"]
[Result "0-1"]
[WhiteElo "1324"]
[BlackElo "1302"]
[PlyCount "56"]
[EventDate "2018.??.??"]
[WhiteTeam "Å K Nafta Gbely D"]
[BlackTeam "Å achovÃ½ klub HolÃ­Ä� C"]

1. e4 e6 2. d4 d5 3. e5 c5 4. c3 Nc6 5. Nf3 Bd7 6. Bd3 Qb6 7. O-O cxd4 8. cxd4
Nxd4 9. Be3 Nxf3+ 10. Qxf3 Bc5 11. Nd2 Bxe3 12. fxe3 Nh6 13. Nb3 O-O 14. Kh1
Bb5 15. Bxb5 Qxb5 16. Rac1 Rac8 17. Rfe1 Qd7 18. Qf2 Rxc1 19. Rxc1 Rc8 20.
Rxc8+ Qxc8 21. Qe2 Qc4 22. Qxc4 dxc4 23. Nc5 b6 24. Ne4 Nf5 25. Nd2 Nxe3 26.
Kg1 Kf8 27. Kf2 Nd1+ 28. Ke2 Nxb2 0-1

[Event "SR 5. liga SE-SI 2018/2019"]
[Site "?"]
[Date "2018.10.20"]
[Round "1.4"]
[White "Datko, Jan"]
[Black "Lanza, Matej"]
[Result "1-0"]
[WhiteElo "1199"]
[BlackElo "1215"]
[PlyCount "147"]
[EventDate "2018.??.??"]
[WhiteTeam "Å achovÃ½ klub HolÃ­Ä� C"]
[BlackTeam "Å K Nafta Gbely D"]

1. e4 e5 2. Nf3 Nc6 3. Bb5 a6 4. Bxc6 bxc6 5. Nxe5 Nf6 6. Nc3 Bd6 7. Nf3 O-O 8.
e5 Bb4 9. exf6 Qxf6 10. O-O Bb7 11. a3 Bxc3 12. dxc3 Rae8 13. Qxd7 Re7 14. Qd4
Qf5 15. Qb4 Re2 16. Qxb7 Qxc2 17. Nd4 Qd3 18. Nxe2 Qxe2 19. Be3 Rd8 20. Qxc7
Qd3 21. Bb6 Re8 22. Rad1 Qf5 23. Rd8 Qe6 24. Qxc6 Qxc6 25. Rfd1 h6 26. R8d6 Qb5
27. Rb1 Qe5 28. Rdd1 Qe6 29. Bd4 Qe4 30. h3 a5 31. b4 Rb8 32. b5 Qc2 33. b6 Qa4
34. b7 Qxa3 35. Be5 Re8 36. b8=Q Rxb8 37. Rxb8+ Kh7 38. Rdb1 Qc5 39. Bd4 Qc4
40. Ra1 a4 41. Rbb1 g6 42. Rb4 Qa6 43. Raxa4 Qc6 44. c4 Qe4 45. c5 Qf4 46. c6
Qc1+ 47. Kh2 Qxc6 48. g3 Qe4 49. Be3 Qe6 50. Ra8 Kg7 51. Bd4+ f6 52. Rb7+ Qf7
53. Rxf7+ Kxf7 54. Ra7+ Ke6 55. Ra5 h5 56. h4 Kf7 57. f4 f5 58. Kg2 Kg8 59. Ra7
Kf8 60. Kf2 Ke8 61. Ke3 Kf8 62. Rg7 Ke8 63. Rxg6 Kf7 64. Rf6+ Ke7 65. Rxf5 Ke6
66. Rxh5 Kd6 67. Re5 Kc6 68. h5 Kd6 69. h6 Kc6 70. h7 Kd6 71. h8=Q Kc6 72. Qf6+
Kd7 73. Re7+ Kd8 74. Qf8# 1-0

[Event "SR 5. liga SE-SI 2018/2019"]
[Site "?"]
[Date "2018.10.20"]
[Round "1.4"]
[White "Vyrubal, Ondrej"]
[Black "Sefcik, Oliver"]
[Result "0-1"]
[WhiteElo "1000"]
[BlackElo "1110"]
[PlyCount "44"]
[EventDate "2018.??.??"]
[WhiteTeam "Å K Nafta Gbely D"]
[BlackTeam "Å achovÃ½ klub HolÃ­Ä� C"]

1. e4 d5 2. Nc3 d4 3. Nd5 e6 4. Bb5+ c6 5. Ba4 exd5 6. exd5 Qxd5 7. Kf1 Qc4+ 8.
Ne2 Qxa4 9. b3 Qb4 10. c3 Qb6 11. Nxd4 Nf6 12. Nf3 Be7 13. a4 O-O 14. a5 Qc7
15. Ke2 Bg4 16. h3 Bxf3+ 17. Kxf3 Re8 18. Re1 Nbd7 19. Ke2 Bc5+ 20. Kf1 Qh2 21.
Rxe8+ Rxe8 22. Qe2 Qh1# 0-1